<?xml version="1.0" encoding="UTF-8"?>
<collection xmlns:xsi="http://www.w3.org/2001/XMLSchema-instance" xsi:schemaLocation="http://www.loc.gov/MARC21/slim http://www.loc.gov/standards/marcxml/schema/MARC21slim.xsd" xmlns="http://www.loc.gov/MARC21/slim">
 <record>
  <leader>00000caa a22000003a 4500</leader>
  <controlfield tag="001">UP-8027390931312486733</controlfield>
  <controlfield tag="003">Buklod</controlfield>
  <controlfield tag="005">20170516092205.0</controlfield>
  <controlfield tag="006">o--- |     ||   ||</controlfield>
  <controlfield tag="007">ta</controlfield>
  <controlfield tag="008">170516s        xx     d     r    |||| u|</controlfield>
  <datafield tag="035" ind1=" " ind2=" ">
   <subfield code="a">(iLib)UPCEB-00010268494</subfield>
  </datafield>
  <datafield tag="040" ind1=" " ind2=" ">
   <subfield code="a">emz</subfield>
  </datafield>
  <datafield tag="041" ind1=" " ind2=" ">
   <subfield code="a">eng</subfield>
  </datafield>
  <datafield tag="100" ind1="1" ind2=" ">
   <subfield code="a">Franco, Gerald Pio M.</subfield>
  </datafield>
  <datafield tag="245" ind1="0" ind2="4">
   <subfield code="a">Ethics and the evolving deployments of disciplinary practices</subfield>
   <subfield code="b">A Foucauldian analysis of the glamorization of bodies.     [article].</subfield>
  </datafield>
  <datafield tag="300" ind1=" " ind2=" ">
   <subfield code="a">pp. 1-50</subfield>
  </datafield>
  <datafield tag="500" ind1=" " ind2=" ">
   <subfield code="a">The paper discusses how individuals are constituted by disciplinary practices as presented in Michel Foucault's two major works : Discipline and Punish and The History of Sexuality, Volume I: An Introduction.  The workings of power-knowledge gave rise to the penal apparatus and deployments of sexuality, which affected entire populations.  But even as these disciplinary practices evolve and become seemingly more humane and liberating, they continue to produce docile and normalized subjects.  One particular example of this process, discussed here in detail, is the transition from the figure of the hysterical woman to the modern glamorous (beautiful) woman.  Such a transition extends Foucault's ideas to show the immense variety of disciplinary practices.  The last section explores a Foucauldian conception of ethics that seeks to reclaim the autonomy of subjects through self-creation. -- (from the author)</subfield>
  </datafield>
  <datafield tag="650" ind1="1" ind2="7">
   <subfield code="a">Philosophy-Periodicals.</subfield>
  </datafield>
  <datafield tag="653" ind1=" " ind2=" ">
   <subfield code="a">Disciplinarity.</subfield>
  </datafield>
  <datafield tag="653" ind1=" " ind2=" ">
   <subfield code="a">Degree of commitment.</subfield>
  </datafield>
  <datafield tag="653" ind1=" " ind2=" ">
   <subfield code="a">Governmentality.</subfield>
  </datafield>
  <datafield tag="653" ind1=" " ind2=" ">
   <subfield code="a">Sexuality.</subfield>
  </datafield>
  <datafield tag="653" ind1=" " ind2=" ">
   <subfield code="a">Subjectivity.</subfield>
  </datafield>
  <datafield tag="653" ind1=" " ind2=" ">
   <subfield code="a">Ethics.</subfield>
  </datafield>
  <datafield tag="653" ind1=" " ind2=" ">
   <subfield code="a">Askesis.</subfield>
  </datafield>
  <datafield tag="773" ind1="0" ind2=" ">
   <subfield code="a">Budhi: A Journal of Ideas and Culture.</subfield>
   <subfield code="g">vol. XXI,  (1)  April 2017.</subfield>
  </datafield>
  <datafield tag="942" ind1=" " ind2=" ">
   <subfield code="a">Analytics</subfield>
  </datafield>
 </record>
</collection>
